| 000 | 00880nam a2200241 i 4500 | ||
|---|---|---|---|
| 001 | 16923 | ||
| 003 | ES-MaACL | ||
| 005 | 20230906151425.0 | ||
| 007 | t| | ||
| 008 | 001122s1987 sp ||||0| spa | ||
| 080 | _a75.036(460)(064.3) | ||
| 245 | 0 | 0 |
_aBruned, Laguens, S. Alonso, Urbano _b: Centro de Exposiciones y Congresos, del 28 de abril al 30 de mayo de 1987. |
| 260 |
_a[Zaragoza] : _bCaja de Ahorros y Monte de Piedad de Zaragoza, Aragón y Rioja, _c[1987] |
||
| 300 |
_a55 p : _bil. col. y n ; _c30 cm. |
||
| 500 | _aEn el lomo: 32. | ||
| 650 | 4 |
_aPintura española- _yS.XX- _vExposiciones. _916043 |
|
| 655 | 7 |
_2tgfbne _9193628 _aCatálogos de exposiciones |
|
| 700 | 1 |
_aBruned, Popi. _932150 |
|
| 710 | 2 |
_aCaja de Ahorros y Monte de Piedad de Zaragoza, Aragón y Rioja. _92326 |
|
| 852 |
_aES-MaACL _jG-2238 |
||
| 942 | _2udc | ||
| 999 |
_c16923 _d16923 |
||